[Event "BLR-ch 78th"]
[Site "Minsk"]
[Date "2012.01.22"]
[Round "11"]
[White "Fedorov, Alexei"]
[Black "Lomako, Pavel"]
[Result "1/2-1/2"]
[WhiteElo "2579"]
[BlackElo "2385"]
[PlyCount "55"]
[EventDate "2012.01.12"]
[EventType "tourn"]
[EventRounds "11"]
[EventCountry "BLR"]
[EventCategory "9"]
[SourceTitle "CBM 146 Extra"]
[Source "ChessBase"]
[SourceDate "2012.02.29"]
[SourceVersion "1"]
[SourceVersionDate "2012.02.29"]
[SourceQuality "1"]

1. e4 c6 2. d4 d5 3. e5 c5 4. Nf3 Nc6 5. c4 cxd4 6. Nxd4 e6 7. Nc3 Bb4 8. Nxc6 bxc6 9. Qa4 Bxc3+ 10. bxc3 Qc7 11. f4 Bd7 12. Bd3 Ne7 13. 0-0 0-0 14. Qc2 h6 15. Qe2 Qa5 16. a4 Rab8 17. cxd5 cxd5 18. Ba3 Rfe8 19. Bb4 Qb6+ 20. Kh1 Nf5 21. g4 Nh4 22. Rab1 d4 23. c4 Qc6+ 24. Kg1 Qxa4 25. Bc2 Qc6 26. Be4 Qa4 27. Bc2 Qc6 28. Be4 1/2-1/2